| 000 | 01330cam a2200253 4500 | ||
|---|---|---|---|
| 001 | ABS62662 | ||
| 008 | 000000n2000 000 0 eng u | ||
| 035 | _a(Sirsi) u107357 | ||
| 245 | _aIn Jillas' application | ||
| 260 | _c2000 | ||
| 490 |
_aEstates Gazette Law Reports _v[2000] 23 EG 147-152(6) |
||
| 520 | _aLT 30 November 1999. In 1997 Mr and Mrs Jilla applied for planning permission to extend their house at 138 Hainault Road, Chigwell, Essex. Planning permission was refused, but granted on appeal on 16 September 1998. In accordance with the planning permission, Mr and Mrs Jilla applied under the Law of Property Act 1925 S84 to discharge, or modify a restrictive covenant affecting land in their freehold ownership. The application was objected to by the successor in title to the covenantee, Mrs Melbourne, arguing that her property would be reduced in value. 'Decision' the application was allowed under para (aa) and and an award of £10,000 was granted. | ||
| 590 | _aABS | ||
| 650 | _aRESTRICTIVE COVENANTS | ||
| 650 | _aPLANNING PERMISSION | ||
| 650 | _aEXTENSION | ||
| 650 | _aMODIFICATION | ||
| 650 | _aDISCHARGE | ||
| 650 | _aCOMPENSATION | ||
| 650 | _aLAW OF PROPERTY ACT 1925 S84 | ||
| 650 | _aCRYER V SCOTT BROTHERS (SUNBURY) LTD | ||
| 690 | _aPROPERTY AND LAND LAW-CASE LAW | ||
| 942 | _n0 | ||
| 999 |
_c64190 _d64190 |
||